000 00329nam a2200109Ia 4500
008 180219s9999 xx 000 0 und d
020 _a9789712368158
100 _aPalma, Roberto Z.
245 _aBasic accounting 2: partnership and corporation /
260 _aRecto Avenue City :
_bREX book store
_c2015
300 _aiii, 395 pages
999 _c355991
_d355991